|
|
|
|
| LEADER |
00000nam a2200000 i 4500 |
| 001 |
DIGUAZUAY0064 |
| 003 |
NyNyDIG |
| 007 |
cr ||||||||||| |
| 008 |
251203s2019 ec ao ob 001 0 spa d |
| 006 |
m o d |
| 035 |
|
|
|a (OCoLC)1420741951
|
| 040 |
|
|
|a DGITA
|b eng
|e rda
|e pn
|c DGITA
|
| 020 |
|
|
|a 9789942778819
|q eBook
|
| 020 |
|
|
|z 9789942778796
|
| 043 |
|
|
|a s-ec---
|
| 050 |
1 |
4 |
|a QK266 ebook
|
| 100 |
1 |
|
|a Minga Ochoa, Danilo,
|e author.
|
| 245 |
1 |
0 |
|a Flora del Páramo del Cajas, Ecuador /
|c autores, Danilo Minga [and 3 others].
|
| 250 |
|
|
|a Reedición.
|
| 264 |
|
1 |
|a Cuenca, Ecuador :
|b Universidad del Azuay, Casa Editora,
|c [2019]
|
| 300 |
|
|
|a 1 online resource :
|b illustrations, photographs.
|
| 336 |
|
|
|a text
|b txt
|2 rdacontent
|
| 337 |
|
|
|a computer
|b c
|2 rdamedia
|
| 338 |
|
|
|a online resource
|b cr
|2 rdacarrier
|
| 347 |
|
|
|a text file
|2 rdaft
|
| 347 |
|
|
|b PDF
|
| 504 |
|
|
|a Includes bibliographical references and index.
|
| 588 |
0 |
|
|a Online resource; title from PDF title page (Digitalia, viewed December 3, 2025)
|
| 650 |
|
0 |
|a Paramo plants
|z Ecuador
|z Azuay.
|
| 650 |
|
0 |
|a Paramos
|z Ecuador
|z Azuay.
|
| 791 |
2 |
|
|a Digitalia (Firm),
|e distributor.
|
| 793 |
0 |
|
|g Digitalia eBook Collection:
|a Universidad del Azuay
|
| 776 |
0 |
8 |
|i Print version:
|a Minga Ochoa, Danilo.
|t Flora del Páramo del Cajas, Ecuador.
|b Reedición.
|d Cuenca, Ecuador : Universidad del Azuay, Casa Editora, [2019]
|z 9789942778796
|
| 856 |
4 |
0 |
|3 Digitalia Hispánica
|u https://www.digitaliapublishing.com/a/133447/
|
| 910 |
|
|
|a Premium collection: 2025
|